|
|
|
|
| LEADER |
00000nbm0a2200000 4500 |
| 001 |
325996 |
| 005 |
20231219095017.0 |
| 035 |
|
|
|a (RuTPU)RU\TPU\book\351612
|
| 090 |
|
|
|a 325996
|
| 100 |
|
|
|a 20161215d1976 k y0rusy50 ca
|
| 101 |
0 |
|
|a rus
|
| 102 |
|
|
|a RU
|
| 105 |
|
|
|a a m 001zy
|
| 200 |
1 |
|
|a Исследование радиационного дефектообразования в катионной подрешетке щелочно-галоидных кристаллов
|e диссертация на соискание ученой степени кандидата физико-математических наук
|f Ю. И. Галанов
|g Томский политехнический институт (ТПИ) ; науч. рук. Е. К. Завадовская , Ю. М. Анненков
|
| 210 |
|
|
|a Томск
|c [Б. и.]
|d 1976
|
| 215 |
|
|
|a 133 л.
|c ил.
|
| 320 |
|
|
|a Библиогр.: с. 126-133 (149 назв.)
|
| 606 |
1 |
|
|a Щелочно-галоидные кристаллы
|x Дефекты
|2 stltpush
|3 (RuTPU)RU\TPU\subj\80319
|9 88044
|
| 610 |
1 |
|
|a радиационное дефектообразование
|
| 610 |
1 |
|
|a электронные возбуждения
|
| 610 |
1 |
|
|a механизм
|
| 610 |
1 |
|
|a радиационная генерация
|
| 610 |
1 |
|
|a катионная подрешетка
|
| 610 |
1 |
|
|a центры окраски
|
| 610 |
1 |
|
|a накопление
|
| 610 |
1 |
|
|a междуузельные катионы
|
| 610 |
1 |
|
|a регистрация
|
| 610 |
1 |
|
|a методы
|
| 610 |
1 |
|
|a катионные вакансии
|
| 610 |
1 |
|
|a электропроводимость
|
| 610 |
1 |
|
|a измерение
|
| 610 |
1 |
|
|a радиационные образования
|
| 610 |
1 |
|
|a диссертации
|
| 610 |
1 |
|
|a труды учёных ТПУ
|
| 675 |
|
|
|a 548.4(04)
|v 4
|
| 700 |
|
1 |
|a Галанов
|b Ю. И.
|c математик
|c доцент Томского политехнического университета, кандидат физико-математических наук
|f 1947-
|g Юрий Иванович
|3 (RuTPU)RU\TPU\pers\28897
|9 13630
|
| 702 |
|
1 |
|a Завадовская
|b Е. К.
|c российский физик
|c профессор кафедры физики твердого тела Томского политехнического института
|f 1913-2004
|g Екатерина Константиновна
|3 (RuTPU)RU\TPU\pers\19787
|4 727
|
| 702 |
|
1 |
|a Анненков
|b Ю. М.
|c физик
|c профессор Томского политехнического университета, доктор физико-математических наук
|f 1940-
|g Юрий Михайлович
|3 (RuTPU)RU\TPU\pers\25662
|4 727
|
| 712 |
0 |
2 |
|a Томский политехнический институт (ТПИ)
|c (1944-1991)
|3 (RuTPU)RU\TPU\col\1123
|
| 801 |
|
1 |
|a RU
|b 63413507
|c 20161215
|
| 801 |
|
2 |
|a RU
|b 63413507
|c 20200818
|g RCR
|
| 942 |
|
|
|c BK
|